00446nam a2200181Ia 4500008004100000020001800041050001400059100001900073245002500092245004800117260001500165260001600180260000900196300001400205300002700219300001000246500000800256170918s9999 xx 000 0 und d a9780545542470 bC929 2011 aCrimi, Carolyn aRock 'n' roll mole / cCarolyn Crimi ; pictures by Lynn Munsinger. aNew York : bScholastic, c2011 aunpaged : bcolored illustration ; c26cm. a420